00435nam a2200121Ia 4500008004100000245009100041245002000132260000900152650001200161856004800173999001900221952007300240171211s9999 xx 000 0 und d aEasy American Idioms: Hundreds of Idiomatic Expressions to Give You an Edge in English cLiving Language c2006 xCULTURE uhttp://down.ebook777.com/063/1400022754.pdf c347815d347815 001040aCLbCLd2017-12-11l0r2017-12-11 00:00:00w2017-12-11yCBE